| 000 | 01678cam a2200397 a 4500 | ||
|---|---|---|---|
| 001 | 15764046 | ||
| 003 | Nust | ||
| 005 | 20220831095108.0 | ||
| 008 | 090605s2009 ilub b 000 1 eng | ||
| 010 | _a 2009022444 | ||
| 020 | _a9780751536607 (pbk) | ||
| 035 | _a(OCoLC)ocn313661037 | ||
| 040 |
_aDLC _cDLC _dIG# _dBTCTA _dIK2 _dCDX _dGO3 _dDLC |
||
| 043 | _ae-uk--- | ||
| 050 | 0 | 0 |
_aPR6053.H245 _bG74 2009 |
| 082 | 0 | 0 |
_a823.914 _bCHA |
| 100 | 1 |
_aChadwick, Elizabeth, _d1957- _911895 |
|
| 245 | 1 | 4 |
_aThe greatest knight : _cElizabeth Chadwick. |
| 260 |
_aNaperville, Ill. : _bSourcebooks Landmark, _c2009. |
||
| 300 |
_a552 p. : _bmaps ; _c21 cm. |
||
| 500 | _aOriginally published by Time Warner Books, 2005. | ||
| 504 | _aIncludes bibliographical references (p. 535) | ||
| 600 | 1 | 0 |
_aPembroke, William Marshal, _cEarl of, _d1144?-1219 _vFiction. _998707 |
| 600 | 0 | 0 |
_aEleanor, _cof Aquitaine, Queen, consort of Henry II, King of England, _d1122?-1204 _vFiction. _998708 |
| 650 | 0 |
_aKnights and knighthood _zGreat Britain _vFiction. _998709 |
|
| 650 | 0 |
_aFavorites, Royal _zGreat Britain _vFiction. _998710 |
|
| 651 | 0 |
_aGreat Britain _xHistory _yHenry II, 1154-1189 _vFiction. _911941 |
|
| 651 | 0 |
_aGreat Britain _xCourt and courtiers _vFiction. _998711 |
|
| 655 | 0 | _aHistorical fiction. | |
| 655 | 0 |
_aBiographical fiction. _9416 |
|
| 655 | 7 |
_aHistorical fiction. _2gsafd _998712 |
|
| 655 | 7 |
_aBiographical fiction. _2gsafd _9416 |
|
| 906 |
_a7 _bcbc _corignew _d1 _eecip _f20 _gy-gencatlg |
||
| 942 |
_2ddc _cBK |
||
| 999 |
_c173299 _d173299 |
||